[Event "Glasgow Open"]
[Site "Glasgow"]
[Date "1978.09.23"]
[Round "2"]
[White "Sutherland, Allan"]
[Black "Grant, Alan G"]
[Result "0-1"]
[WhiteElo "1835"]
[BlackElo "1985"]
[PlyCount "70"]
[EventDate "1978.09.22"]
[EventType "swiss"]
[EventRounds "6"]
[EventCountry "SCO"]
[SourceTitle "BritBase"]
[Source "Alistair Maxwel"]
[SourceDate "2025.11.13"]
[SourceVersion "1"]
[SourceVersionDate "2025.11.13"]
[SourceQuality "1"]

1. d4 d5 2. c4 c6 3. cxd5 cxd5 4. Nc3 Nf6 5. Nf3 Nc6 6. Bf4 Nh5 7. Bg3 e6 8. e3 Bb4 9. Bd3 O-O 10. Qc2 f5 11. Ne5 Bd7 12. Nxc6 bxc6 13. Be5 Nf6 14. f3 Rf7 15. O-O c5 16. a3 Bxc3 17. Qxc3 c4 18. Bc2 Rc8 19. Rfc1 g5 20. Bd1 g4 21. Bxf6 Qxf6 22. f4 Be8 23. b3 Rfc7 24. Qa5 Qe7 25. b4 Rb7 26. Ba4 Rcb8 27. Bxe8 Qxe8 28. Rc3 Qd7 29. Rac1 h5 30. Kf2 Rb5 31. Qa6 R8b6 32. Qa4 a5 33. Rb1 Qe7 34. bxa5 Rxb1 35. axb6 Qh4+ 0-1

[Event "Glasgow Open"]
[Site "Glasgow"]
[Date "1978.09.23"]
[Round "2"]
[White "Law, R."]
[Black "Reid, Neil"]
[Result "0-1"]
[WhiteElo "1830"]
[BlackElo "1965"]
[PlyCount "76"]
[EventDate "1978.09.22"]
[EventType "swiss"]
[EventRounds "6"]
[EventCountry "SCO"]
[SourceTitle "BritBase"]
[Source "Alistair Maxwel"]
[SourceDate "2025.11.13"]
[SourceVersion "1"]
[SourceVersionDate "2025.11.13"]
[SourceQuality "1"]

1. e4 Nf6 2. e5 Nd5 3. c4 Nb6 4. d4 d6 5. f4 dxe5 6. fxe5 Bf5 7. Nc3 e6 8. Be3 Nc6 9. Nf3 Nb4 10. Rc1 c5 11. a3 cxd4 12. Nxd4 Nc6 13. Nxc6 bxc6 14. Qf3 Rc8 15. Be2 Nxc4 16. Bxc4 Qh4+ 17. Qf2 Qxc4 18. Bxa7 Be7 19. Ne2 Qb5 20. Bd4 O-O 21. O-O c5 22. Bc3 Bd3 23. Rfe1 Rfd8 24. Kh1 Rd7 25. Nf4 Bc4 26. Qg3 Bf8 27. Nh5 Rd3 28. Qg4 Rcd8 29. b4 g6 30. Nf6+ Kg7 31. Qg5 h6 32. Qg4 cxb4 33. Bxb4 R3d4 34. Bxf8+ Kxf8 35. Qh3 Kg7 36. Qc3 Qa4 37. h3 Ba6 38. Ne4 Rxe4 0-1

[Event "Glasgow Open"]
[Site "Glasgow"]
[Date "1978.09.23"]
[Round "2"]
[White "Craig, Tom James"]
[Black "Bennett, Douglas A"]
[Result "1-0"]
[WhiteElo "1960"]
[BlackElo "1790"]
[PlyCount "49"]
[EventDate "1978.09.22"]
[EventType "swiss"]
[EventRounds "6"]
[EventCountry "SCO"]
[SourceTitle "BritBase"]
[Source "Alistair Maxwel"]
[SourceDate "2025.11.13"]
[SourceVersion "1"]
[SourceVersionDate "2025.11.13"]
[SourceQuality "1"]

1. e4 c5 2. Nc3 Nc6 3. f4 e6 4. Nf3 d5 5. Bb5 Nf6 6. Qe2 Be7 7. O-O O-O 8. Bxc6 bxc6 9. d3 Ba6 10. b3 Qc7 11. Bd2 Rfd8 12. Rae1 Bf8 13. Kh1 Rab8 14. Ne5 Rb4 15. a3 Rb7 16. Bc1 Bb5 17. g4 Nd7 18. Nxf7 Kxf7 19. exd5 Kg8 20. dxe6 Nf6 21. g5 Nd5 22. Ne4 Bxd3 23. Qxd3 Ne7 24. Qh3 c4 25. f5 1-0

[Event "Glasgow Open"]
[Site "Glasgow"]
[Date "1978.09.23"]
[Round "2"]
[White "Millar, Ian"]
[Black "Springham, S."]
[Result "1-0"]
[WhiteElo "1790"]
[BlackElo "1915"]
[PlyCount "45"]
[EventDate "1978.09.22"]
[EventType "swiss"]
[EventRounds "6"]
[EventCountry "SCO"]
[SourceTitle "BritBase"]
[Source "Alistair Maxwel"]
[SourceDate "2025.11.13"]
[SourceVersion "1"]
[SourceVersionDate "2025.11.13"]
[SourceQuality "1"]

1. e4 c5 2. Nc3 Nc6 3. g3 g6 4. Bg2 Bg7 5. d3 d6 6. f4 e5 7. Nh3 Nge7 8. O-O O-O 9. f5 gxf5 10. exf5 Bxf5 11. Rxf5 Nxf5 12. Be4 Qf6 13. Nd5 Qg6 14. g4 Ncd4 15. c3 Qe6 16. gxf5 Nxf5 17. Ng5 Qh6 18. Bxf5 Rae8 19. Qg4 Kh8 20. Nxf7+ Rxf7 21. Bxh6 Bxh6 22. Qh5 Rg8+ 23. Kh1 1-0

[Event "Glasgow Open"]
[Site "Glasgow"]
[Date "1978.09.23"]
[Round "2"]
[White "Stirling, Lawrence J"]
[Black "Kilgour, Brian"]
[Result "0-1"]
[WhiteElo "1725"]
[BlackElo "1905"]
[PlyCount "90"]
[EventDate "1978.09.22"]
[EventType "swiss"]
[EventRounds "6"]
[EventCountry "SCO"]
[SourceTitle "BritBase"]
[Source "Alistair Maxwel"]
[SourceDate "2025.11.13"]
[SourceVersion "1"]
[SourceVersionDate "2025.11.13"]
[SourceQuality "1"]

1. d4 d5 2. Nf3 c5 3. Bf4 Nc6 4. e3 Bf5 5. Nc3 a6 6. Bd3 Bxd3 7. cxd3 cxd4 8. exd4 Nf6 9. Qb3 b5 10. O-O Na5 11. Qd1 e6 12. Rc1 Rc8 13. a3 Nc6 14. Ne2 Be7 15. Rc2 O-O 16. Qc1 Na7 17. h3 Rxc2 18. Qxc2 Qc8 19. Qd2 Qb7 20. b4 Rc8 21. Nc1 Qc6 22. Nb3 Qc3 23. Nc5 Qxa3 24. Rc1 Bxc5 25. dxc5 Nc6 26. Rb1 d4 27. Ne5 Nd5 28. Nxc6 Rxc6 29. Bd6 Qc3 30. Qg5 f6 31. Qh5 Rc8 32. Qe2 Re8 33. Qb2 Qxd3 34. Ra1 Ra8 35. c6 Qc4 36. Rc1 Nc3 37. Re1 Qxc6 38. Bc5 Qd5 39. f4 Kf7 40. Qf2 d3 41. Be3 a5 42. Ra1 axb4 43. Rxa8 Qxa8 44. Qb2 Qe4 45. Bc5 Qxf4 0-1

[Event "Glasgow Open"]
[Site "Glasgow"]
[Date "1978.09.23"]
[Round "2"]
[White "Radlow, Allan"]
[Black "Giulian, Philip Maurice"]
[Result "1/2-1/2"]
[WhiteElo "2005"]
[BlackElo "2160"]
[PlyCount "94"]
[EventDate "1978.09.22"]
[EventType "swiss"]
[EventRounds "6"]
[EventCountry "SCO"]
[SourceTitle "BritBase"]
[Source "Alistair Maxwel"]
[SourceDate "2025.11.13"]
[SourceVersion "1"]
[SourceVersionDate "2025.11.13"]
[SourceQuality "1"]

1. e4 e6 2. d4 d5 3. Nd2 c5 4. Ngf3 Nc6 5. Bb5 dxe4 6. Nxe4 Bd7 7. Bg5 Qa5+ 8. Nc3 a6 9. Bxc6 Bxc6 10. d5 Bxd5 11. O-O Bc6 12. Re1 Qc7 13. Ne5 Nf6 14. Nxc6 Qxc6 15. Bxf6 gxf6 16. Qh5 Be7 17. Ne4 h6 18. Rad1 Kf8 19. Rd3 f5 20. Rf3 Rd8 21. Ng3 Rh7 22. c3 Rd5 23. Ne2 Qd6 24. Nc1 Bg5 25. Nb3 b5 26. Rh3 Bf6 27. Qf3 c4 28. Nc1 Bg5 29. b3 Rg7 30. bxc4 bxc4 31. Qe2 Qc5 32. Rf3 Rg6 33. Qb2 Qd6 34. Qc2 Qd7 35. a4 Rd2 36. Qb1 Rd1 37. Qb8+ Kg7 38. Qe5+ f6 39. Qe2 Rxe1+ 40. Qxe1 Bxc1 41. Qxc1 Qd5 42. Kf1 Kh7 43. Rg3 f4 44. Rxg6 Kxg6 45. f3 Qd3+ 46. Kf2 e5 47. Qa3 Qd2+ 1/2-1/2

[Event "Glasgow Open"]
[Site "Glasgow"]
[Date "1978.09.23"]
[Round "2"]
[White "Smith, DA (SCO)"]
[Black "Hamilton, Colin J"]
[Result "0-1"]
[WhiteElo "1770"]
[BlackElo "1895"]
[PlyCount "84"]
[EventDate "1978.09.22"]
[EventType "swiss"]
[EventRounds "6"]
[EventCountry "SCO"]
[SourceTitle "BritBase"]
[Source "Alistair Maxwel"]
[SourceDate "2025.11.13"]
[SourceVersion "1"]
[SourceVersionDate "2025.11.13"]
[SourceQuality "1"]

1. e4 e6 2. d4 d5 3. Nc3 Bb4 4. e5 c5 5. a3 Bxc3+ 6. bxc3 Ne7 7. f4 Nbc6 8. Nf3 Bd7 9. a4 Nf5 10. Bd3 g6 11. Ba3 cxd4 12. Bxf5 gxf5 13. cxd4 Qa5+ 14. Qd2 Qxd2+ 15. Kxd2 Na5 16. Rhb1 b6 17. Bb4 Nc4+ 18. Kd3 a5 19. Be1 O-O 20. Nd2 Rfc8 21. Nxc4 dxc4+ 22. Ke3 Rab8 23. Ra3 Bc6 24. Ke2 Be4 25. Rb2 Rd8 26. Bh4 Rxd4 27. Be7 h6 28. Rg3+ Kh7 29. Bf6 Rg8 30. Rxg8 Kxg8 31. Rxb6 Bxc2 32. Rb8+ Kh7 33. h4 Kg6 34. h5+ Kxh5 35. Rg8 Bd1+ 36. Ke3 Rd3+ 37. Kf2 c3 38. Rh8 c2 39. Bg5 Kg6 40. Rxh6+ Kg7 41. Rh2 c1=Q 42. Bf6+ Kg6 0-1

[Event "Glasgow Open"]
[Site "Glasgow"]
[Date "1978.09.23"]
[Round "2"]
[White "Mannion, Stephen R"]
[Black "Morgan, Edward"]
[Result "1-0"]
[WhiteElo "1775"]
[BlackElo "1685"]
[PlyCount "77"]
[EventDate "1978.09.22"]
[EventType "swiss"]
[EventRounds "6"]
[EventCountry "SCO"]
[SourceTitle "BritBase"]
[Source "Alistair Maxwel"]
[SourceDate "2025.11.13"]
[SourceVersion "1"]
[SourceVersionDate "2025.11.13"]
[SourceQuality "1"]

1. e4 c5 2. Nf3 Nc6 3. Be2 Nf6 4. Nc3 d5 5. exd5 Nxd5 6. Bc4 e6 7. d4 Nxc3 8. bxc3 cxd4 9. cxd4 Bb4+ 10. Bd2 Qa5 11. Rb1 Bxd2+ 12. Qxd2 Qxd2+ 13. Kxd2 O-O 14. Rhe1 b6 15. h4 Bb7 16. h5 h6 17. c3 Ne7 18. Nh4 Rac8 19. Bb3 Bd5 20. Rbc1 Bc4 21. g4 Nd5 22. Nf3 Nf6 23. Ne5 Ba6 24. f4 Nd5 25. f5 Kh7 26. c4 Ne7 27. Rf1 Rcd8 28. Rf4 Bb7 29. Rcf1 Kg8 30. Kc3 f6 31. Ng6 Nxg6 32. hxg6 e5 33. dxe5 fxe5 34. R4f2 Rf6 35. Re1 Re8 36. Rd2 e4 37. Rd7 Bc6 38. Rxa7 Rd6 39. c5+ 1-0

[Event "Glasgow Open"]
[Site "Glasgow"]
[Date "1978.09.23"]
[Round "2"]
[White "Conkie, AD."]
[Black "McGowan, Alan"]
[Result "0-1"]
[WhiteElo "1765"]
[BlackElo "1835"]
[PlyCount "126"]
[EventDate "1978.09.22"]
[EventType "swiss"]
[EventRounds "6"]
[EventCountry "SCO"]
[SourceTitle "BritBase"]
[Source "Alistair Maxwel"]
[SourceDate "2025.11.13"]
[SourceVersion "1"]
[SourceVersionDate "2025.11.13"]
[SourceQuality "1"]

1. c4 c5 2. Nc3 f5 3. Nf3 Nf6 4. e3 g6 5. Be2 Bg7 6. O-O O-O 7. Rb1 e6 8. b4 cxb4 9. Rxb4 Na6 10. Rb1 Ne4 11. Nb5 d6 12. Bb2 Nc7 13. Bxg7 Kxg7 14. Qc2 Bd7 15. d4 Nxb5 16. cxb5 Rc8 17. Qb2 Nc3 18. Ra1 Nxe2+ 19. Qxe2 Qa5 20. a4 Rc3 21. Rfc1 Rfc8 22. Rxc3 Qxc3 23. Rb1 Qc2 24. Qxc2 Rxc2 25. Ra1 Kf6 26. Ne1 Rc4 27. f4 Ke7 28. Kf2 Kd8 29. Ke2 Rxa4 30. Rb1 Ra5 31. b6 axb6 32. Kd2 Rb5 33. Rxb5 Bxb5 34. Kc3 Bc6 35. Kb4 Be4 36. Nf3 h6 37. h4 Kc7 38. Kb5 Bd3+ 39. Kb4 Kc6 40. Nd2 Kd5 41. Kc3 Be2 42. g3 Kc6 43. Kb4 b5 44. Nb3 Bc4 45. Nd2 Kd5 46. Kc3 e5 47. dxe5 dxe5 48. Nf3 exf4 49. exf4 Ke4 50. Ne5 Ke3 51. Nxg6 Kf3 52. Ne7 Be6 53. Kd4 Kxg3 54. Ke5 b4 55. Kxe6 b3 56. Nd5 b2 57. Nc3 Kxf4 58. Kd5 Kg4 59. Ke5 f4 60. Ke4 f3 61. Ke3 Kg3 62. Ne4+ Kg2 63. Nd2 f2 0-1

[Event "Glasgow Open"]
[Site "Glasgow"]
[Date "1978.09.23"]
[Round "3"]
[White "Pritchett, Craig William"]
[Black "Millar, Ian"]
[Result "1/2-1/2"]
[WhiteElo "2400"]
[BlackElo "1790"]
[PlyCount "48"]
[EventDate "1978.09.22"]
[EventType "swiss"]
[EventRounds "6"]
[EventCountry "SCO"]
[SourceTitle "BritBase"]
[Source "Alistair Maxwel"]
[SourceDate "2025.11.13"]
[SourceVersion "1"]
[SourceVersionDate "2025.11.13"]
[SourceQuality "1"]

1. c4 g6 2. Nc3 Bg7 3. g3 d6 4. Bg2 e5 5. Nf3 f5 6. O-O Nc6 7. d3 Nge7 8. Bd2 O-O 9. Rb1 a5 10. a3 Be6 11. b4 axb4 12. axb4 Qc8 13. b5 Nd8 14. Qb3 h6 15. Nd5 Nxd5 16. cxd5 Bf7 17. Rfc1 Qd7 18. Ne1 Rc8 19. Qa4 g5 20. Qc2 Bh5 21. Ba5 Rf7 22. Qd2 f4 23. Rc4 b6 24. Bc3 Qf5 1/2-1/2

[Event "Glasgow Open"]
[Site "Glasgow"]
[Date "1978.09.23"]
[Round "3"]
[White "Lamont, IL."]
[Black "Swanson, Stephen"]
[Result "0-1"]
[WhiteElo "1930"]
[BlackElo "2355"]
[PlyCount "118"]
[EventDate "1978.09.22"]
[EventType "swiss"]
[EventRounds "6"]
[EventCountry "SCO"]
[SourceTitle "BritBase"]
[Source "Alistair Maxwel"]
[SourceDate "2025.11.13"]
[SourceVersion "1"]
[SourceVersionDate "2025.11.13"]
[SourceQuality "1"]

1. c4 e5 2. Nc3 d6 3. g3 Nf6 4. Bg2 Be7 5. Nf3 O-O 6. O-O c6 7. d3 Re8 8. Rb1 Bf8 9. b4 h6 10. e4 d5 11. exd5 cxd5 12. d4 exd4 13. Qxd4 Nc6 14. Qd1 dxc4 15. Qxd8 Rxd8 16. b5 Nb4 17. Ne5 Bf5 18. Rb2 Nd3 19. Nxd3 Bxd3 20. Rd1 Rd7 21. Bh3 Rdd8 22. Bg2 Ba3 23. Rbd2 Bb4 24. Bb2 Rd7 25. Bh3 Rc7 26. Bg2 Rd8 27. Rc1 Rcd7 28. Rdd1 b6 29. Bf3 Rd6 30. a3 Bc5 31. Na4 Nd7 32. Bc6 Bd4 33. Bxd7 R8xd7 34. Bxd4 Rxd4 35. Nc3 Bf5 36. Re1 Rd2 37. Ne4 Bxe4 38. Rxe4 Rd1+ 39. Rxd1 Rxd1+ 40. Kg2 Rd5 41. Rxc4 Rxb5 42. Ra4 a5 43. Rc4 Rb3 44. Rc8+ Kh7 45. Rc6 a4 46. f3 f6 47. g4 Kg6 48. Kg3 b5 49. Rc5 Kf7 50. Kf4 Ke6 51. Ke4 Kd6 52. Kd4 Rxf3 53. Rxb5 Rf4+ 54. Ke3 Rxg4 55. Kf2 Ke6 56. Ra5 f5 57. h3 Rc4 58. Kg2 Kf6 59. Ra7 h5 0-1

[Event "Glasgow Open"]
[Site "Glasgow"]
[Date "1978.09.23"]
[Round "3"]
[White "McKay, Roderick McIntosh"]
[Black "French, T."]
[Result "1-0"]
[WhiteElo "2335"]
[BlackElo "1490"]
[PlyCount "79"]
[EventDate "1978.09.22"]
[EventType "swiss"]
[EventRounds "6"]
[EventCountry "SCO"]
[SourceTitle "BritBase"]
[Source "Alistair Maxwel"]
[SourceDate "2025.11.13"]
[SourceVersion "1"]
[SourceVersionDate "2025.11.13"]
[SourceQuality "1"]

1. e4 Nf6 2. e5 Nd5 3. c4 Nb6 4. c5 Nd5 5. Bc4 e6 6. d4 d6 7. cxd6 cxd6 8. Qe2 dxe5 9. dxe5 Nb6 10. Nf3 Qc7 11. Nbd2 Bb4 12. Bd3 Bd7 13. O-O Bc6 14. Ne4 Bxe4 15. Bxe4 N8d7 16. Bf4 Rc8 17. Rac1 Qb8 18. Rxc8+ Qxc8 19. Rc1 Qb8 20. Ng5 g6 21. h4 Be7 22. Nf3 f5 23. Bc2 Nd5 24. Bh6 Kf7 25. Bb3 N7b6 26. a4 Nc7 27. Nd4 Rd8 28. Rxc7 Rxd4 29. Qc2 Rd7 30. Rxd7 Nxd7 31. Bxe6+ Ke8 32. Bf4 Qd8 33. h5 Qb6 34. Qc8+ Qd8 35. Bxd7+ Kf7 36. Qc4+ Kg7 37. h6+ Kf8 38. e6 Bf6 39. Bd6+ Be7 40. Qd4 1-0

[Event "Glasgow Open"]
[Site "Glasgow"]
[Date "1978.09.23"]
[Round "3"]
[White "Morrison, Graham"]
[Black "Orr, Mark JL"]
[Result "1/2-1/2"]
[WhiteElo "2230"]
[BlackElo "2215"]
[PlyCount "62"]
[EventDate "1978.09.22"]
[EventType "swiss"]
[EventRounds "6"]
[EventCountry "SCO"]
[SourceTitle "BritBase"]
[Source "Alistair Maxwel"]
[SourceDate "2025.11.13"]
[SourceVersion "1"]
[SourceVersionDate "2025.11.13"]
[SourceQuality "1"]

1. Nf3 Nf6 2. c4 e6 3. d4 b6 4. g3 Bb7 5. Bg2 Be7 6. Nc3 O-O 7. O-O Ne4 8. Bd2 d6 9. d5 Nxd2 10. Qxd2 e5 11. Ne1 Nd7 12. f4 f5 13. Nd3 e4 14. Nb4 Bf6 15. Nc2 Re8 16. Ne3 g6 17. g4 Bxc3 18. Qxc3 fxg4 19. Nxg4 Qh4 20. Qg3 Qxg3 21. hxg3 b5 22. Rac1 b4 23. Ne3 Nc5 24. g4 Bc8 25. Kh2 Kg7 26. Kg3 Rf8 27. Rh1 Bd7 28. Bh3 h6 29. Bg2 Rf7 30. Rh2 a5 31. Rch1 Rh8 1/2-1/2

[Event "Glasgow Open"]
[Site "Glasgow"]
[Date "1978.09.23"]
[Round "3"]
[White "Reid, Alan"]
[Black "Cornes, Brendan"]
[Result "1-0"]
[WhiteElo "2130"]
[BlackElo "1845"]
[PlyCount "79"]
[EventDate "1978.09.22"]
[EventType "swiss"]
[EventRounds "6"]
[EventCountry "SCO"]
[SourceTitle "BritBase"]
[Source "Alistair Maxwel"]
[SourceDate "2025.11.13"]
[SourceVersion "1"]
[SourceVersionDate "2025.11.13"]
[SourceQuality "1"]

1. b3 e5 2. Bb2 Nc6 3. e3 g6 4. Bb5 Bg7 5. f4 Nge7 6. Nf3 a6 7. Bxc6 Nxc6 8. Nxe5 Nxe5 9. Bxe5 Bxe5 10. fxe5 Qg5 11. Qf3 Qxe5 12. O-O O-O 13. Nc3 c6 14. d4 Qg7 15. Ne4 d5 16. Nd6 f5 17. c4 Be6 18. c5 Rad8 19. b4 b5 20. a4 Ra8 21. Ra2 f4 22. axb5 axb5 23. Rxa8 Rxa8 24. Qxf4 Rf8 25. Qxf8+ Qxf8 26. Rxf8+ Kxf8 27. Kf2 Ke7 28. Kf3 Kf6 29. e4 Kg5 30. g3 Bg4+ 31. Ke3 Be6 32. e5 Bd7 33. Kf3 Bg4+ 34. Kg2 Bd7 35. h4+ Kg4 36. Nf7 Kf5 37. Kf3 Ke6 38. Ng5+ Ke7 39. Nxh7 Be8 40. Kf4 1-0

[Event "Glasgow Open"]
[Site "Glasgow"]
[Date "1978.09.23"]
[Round "3"]
[White "Smith, N."]
[Black "Radlow, Allan"]
[Result "0-1"]
[WhiteElo "1795"]
[BlackElo "2005"]
[PlyCount "30"]
[EventDate "1978.09.22"]
[EventType "swiss"]
[EventRounds "6"]
[EventCountry "SCO"]
[SourceTitle "BritBase"]
[Source "Alistair Maxwel"]
[SourceDate "2025.11.13"]
[SourceVersion "1"]
[SourceVersionDate "2025.11.13"]
[SourceQuality "1"]

1. c4 e5 2. Nc3 Nc6 3. Nf3 f5 4. e4 Nf6 5. Bd3 Bb4 6. Nd5 O-O 7. O-O Nxe4 8. Bxe4 fxe4 9. Nxe5 Nxe5 10. Nxb4 d6 11. b3 Bg4 12. Qc2 Nf3+ 13. gxf3 Bxf3 14. d4 Qh4 15. Rd1 Qh3 0-1

[Event "Glasgow Open"]
[Site "Glasgow"]
[Date "1978.09.23"]
[Round "3"]
[White "Morrison, Chris"]
[Black "Smith, DA (SCO)"]
[Result "1-0"]
[WhiteElo "2065"]
[BlackElo "1770"]
[PlyCount "53"]
[EventDate "1978.09.22"]
[EventType "swiss"]
[EventRounds "6"]
[EventCountry "SCO"]
[SourceTitle "BritBase"]
[Source "Alistair Maxwel"]
[SourceDate "2025.11.13"]
[SourceVersion "1"]
[SourceVersionDate "2025.11.13"]
[SourceQuality "1"]

1. e4 c5 2. Nc3 Nc6 3. g3 g6 4. Bg2 Bg7 5. d3 e6 6. Be3 b6 7. f4 Nge7 8. Nf3 d5 9. Bc1 O-O 10. O-O Bb7 11. Qe1 Re8 12. g4 Nb4 13. Rf2 a6 14. a3 Nbc6 15. e5 Qd7 16. Re2 b5 17. Qh4 h6 18. f5 exf5 19. Bxh6 fxg4 20. Bxg7 Kxg7 21. Qf6+ Kg8 22. Ng5 Rf8 23. Rf1 Nd8 24. e6 Nxe6 25. Nxf7 Nf5 26. Qxg6+ Neg7 27. Ng5 1-0

[Event "Glasgow Open"]
[Site "Glasgow"]
[Date "1978.09.23"]
[Round "3"]
[White "Giulian, Philip Maurice"]
[Black "Borland, Thomas E"]
[Result "1/2-1/2"]
[WhiteElo "2160"]
[BlackElo "1910"]
[PlyCount "55"]
[EventDate "1978.09.22"]
[EventType "swiss"]
[EventRounds "6"]
[EventCountry "SCO"]
[SourceTitle "BritBase"]
[Source "Alistair Maxwel"]
[SourceDate "2025.11.13"]
[SourceVersion "1"]
[SourceVersionDate "2025.11.13"]
[SourceQuality "1"]

1. d4 e6 2. c4 f5 3. Nf3 Nf6 4. g3 Be7 5. Bg2 O-O 6. O-O d5 7. Nbd2 Ne4 8. Ne5 Nd7 9. Ndf3 c6 10. b3 Qe8 11. Nxd7 Bxd7 12. Ne5 Rd8 13. e3 Kh8 14. f3 Nd6 15. Bd2 Nf7 16. Nd3 Bd6 17. f4 Nh6 18. Ne5 Ng8 19. Qe2 Nf6 20. a3 Qe7 21. Nxd7 Rxd7 22. b4 Rc8 23. c5 Bc7 24. b5 cxb5 25. Qxb5 Bd8 26. Rab1 b6 27. Qa6 Rc6 28. cxb6 1/2-1/2

[Event "Glasgow Open"]
[Site "Glasgow"]
[Date "1978.09.23"]
[Round "3"]
[White "Lumsden, James PL"]
[Black "O'Neil, Jim"]
[Result "1-0"]
[WhiteElo "2140"]
[BlackElo "1850"]
[PlyCount "47"]
[EventDate "1978.09.22"]
[EventType "swiss"]
[EventRounds "6"]
[EventCountry "SCO"]
[SourceTitle "BritBase"]
[Source "Alistair Maxwel"]
[SourceDate "2025.11.13"]
[SourceVersion "1"]
[SourceVersionDate "2025.11.13"]
[SourceQuality "1"]

1. c4 Nf6 2. Nc3 g6 3. e4 d6 4. d4 Bg7 5. Nf3 O-O 6. Be2 Nbd7 7. O-O c5 8. d5 a6 9. a4 Qc7 10. h3 Ne8 11. Bf4 f5 12. exf5 Rxf5 13. Qd2 Rf7 14. Ng5 Ndf6 15. Nxf7 Kxf7 16. Bd3 e5 17. dxe6+ Bxe6 18. Rad1 Rd8 19. Rfe1 Qd7 20. Bg5 Kg8 21. Qf4 Nh5 22. Qe3 Be5 23. Bxd8 Qxd8 24. Bxg6 1-0

[Event "Glasgow Open"]
[Site "Glasgow"]
[Date "1978.09.23"]
[Round "3"]
[White "Sharp, Alan W"]
[Black "Scrimgour, Alan"]
[Result "0-1"]
[WhiteElo "1840"]
[BlackElo "2105"]
[PlyCount "84"]
[EventDate "1978.09.22"]
[EventType "swiss"]
[EventRounds "6"]
[EventCountry "SCO"]
[SourceTitle "BritBase"]
[Source "Alistair Maxwel"]
[SourceDate "2025.11.13"]
[SourceVersion "1"]
[SourceVersionDate "2025.11.13"]
[SourceQuality "1"]

1. b3 d6 2. Bb2 e5 3. e3 f5 4. c4 Nf6 5. d3 g6 6. Nf3 Bg7 7. Nc3 O-O 8. Qc2 Nc6 9. a3 a5 10. Be2 h6 11. O-O-O Ne7 12. e4 c6 13. d4 fxe4 14. Nxe4 Nxe4 15. Qxe4 Bf5 16. Qe3 e4 17. Nd2 d5 18. f3 exf3 19. Nxf3 a4 20. b4 dxc4 21. Bxc4+ Nd5 22. Bc3 Kh7 23. Qd2 Qd6 24. Ne5 h5 25. Kb2 Rae8 26. h3 Nxc3 27. Qxc3 Bxe5 28. dxe5 Qxe5 29. Rhe1 Qxc3+ 30. Kxc3 b5 31. Bf1 h4 32. Bd3 Rxe1 33. Rxe1 Bxd3 34. Kxd3 Rf2 35. Re2 Rxe2 36. Kxe2 Kg7 37. Kd3 Kf6 38. Kd4 Ke6 39. Kc5 Kd7 40. Kb6 Kd6 41. Kb7 c5 42. bxc5+ Kxc5 0-1

[Event "Glasgow Open"]
[Site "Glasgow"]
[Date "1978.09.23"]
[Round "3"]
[White "Barbour, GM."]
[Black "Moultrie, George B"]
[Result "0-1"]
[WhiteElo "1850"]
[BlackElo "2095"]
[PlyCount "128"]
[EventDate "1978.09.22"]
[EventType "swiss"]
[EventRounds "6"]
[EventCountry "SCO"]
[SourceTitle "BritBase"]
[Source "Alistair Maxwel"]
[SourceDate "2025.11.13"]
[SourceVersion "1"]
[SourceVersionDate "2025.11.13"]
[SourceQuality "1"]

1. e4 e6 2. g3 d5 3. Bg2 dxe4 4. Bxe4 Nf6 5. Bg2 c5 6. d3 Nc6 7. Nf3 Be7 8. O-O O-O 9. Nc3 Nd5 10. Bd2 Bf6 11. Nxd5 exd5 12. Rb1 Be6 13. Re1 Qd7 14. Bf4 Bg4 15. c3 Rad8 16. Qd2 d4 17. c4 Rfe8 18. a3 h6 19. h4 a5 20. Rxe8+ Rxe8 21. Re1 Bf5 22. Bf1 Re6 23. Re2 Qe7 24. Qe1 Bg4 25. Rxe6 Qxe6 26. Qxe6 fxe6 27. Nh2 Bf5 28. Bd6 Be7 29. Bxe7 Nxe7 30. Nf3 Nc6 31. Nd2 Ne5 32. Nb3 b6 33. Nc1 Nf3+ 34. Kg2 Ne1+ 35. Kg1 e5 36. f4 exf4 37. Kf2 Nc2 38. gxf4 Ne3 39. Be2 Kf8 40. Nb3 Ke7 41. Nd2 Kd6 42. Nf3 Ng4+ 43. Kg3 Ne3 44. Kf2 Be6 45. Nd2 Nf5 46. Nf3 Bf7 47. b3 Bh5 48. Ng1 Bxe2 49. Nxe2 Nxh4 50. Ng3 Ke6 51. Ne2 Nf5 52. Kf3 g6 53. Ng1 Ne3 54. Ne2 Nc2 55. a4 Na1 56. Nc1 Kf5 57. Kg3 h5 58. Kf3 h4 59. Ne2 Nxb3 60. Kg2 Kg4 61. Kf2 Nd2 62. Kg2 Nf3 63. Kf2 h3 64. Kf1 Ne1 0-1

[Event "Glasgow Open"]
[Site "Glasgow"]
[Date "1978.09.23"]
[Round "3"]
[White "Grant, Alan G"]
[Black "Anderson, JG."]
[Result "1-0"]
[WhiteElo "1985"]
[BlackElo "1815"]
[PlyCount "53"]
[EventDate "1978.09.22"]
[EventType "swiss"]
[EventRounds "6"]
[EventCountry "SCO"]
[SourceTitle "BritBase"]
[Source "Alistair Maxwel"]
[SourceDate "2025.11.13"]
[SourceVersion "1"]
[SourceVersionDate "2025.11.13"]
[SourceQuality "1"]

1. d4 Nf6 2. Bg5 d5 3. Bxf6 gxf6 4. e3 Nc6 5. Nd2 Bf5 6. c3 e6 7. Nb3 Be7 8. Ne2 h5 9. h4 Qd6 10. a4 O-O-O 11. a5 e5 12. Nc5 exd4 13. cxd4 b6 14. axb6 cxb6 15. Nd3 Bxd3 16. Qxd3 Qb4+ 17. Qc3 Kb8 18. Nf4 Na5 19. Nd3 Qxc3+ 20. bxc3 Rc8 21. Rxa5 bxa5 22. Kd2 a4 23. Nf4 Bd6 24. Nxd5 a3 25. Ba6 a2 26. Bxc8 Rxc8 27. Ra1 1-0

[Event "Glasgow Open"]
[Site "Glasgow"]
[Date "1978.09.23"]
[Round "3"]
[White "Coffey, John"]
[Black "Mannion, Stephen R"]
[Result "0-1"]
[WhiteElo "1960"]
[BlackElo "1775"]
[PlyCount "86"]
[EventDate "1978.09.22"]
[EventType "swiss"]
[EventRounds "6"]
[EventCountry "SCO"]
[SourceTitle "BritBase"]
[Source "Alistair Maxwel"]
[SourceDate "2025.11.13"]
[SourceVersion "1"]
[SourceVersionDate "2025.11.13"]
[SourceQuality "1"]

1. d4 d5 2. Nc3 Bf5 3. f3 Nf6 4. Bg5 Nbd7 5. g4 Bg6 6. Qd2 h6 7. Bxf6 Nxf6 8. O-O-O e6 9. Bg2 c5 10. e3 cxd4 11. Qxd4 Qa5 12. e4 Bc5 13. Qa4+ Qxa4 14. Nxa4 Be3+ 15. Kb1 dxe4 16. Ne2 exf3 17. Bxf3 Ne4 18. Bxe4 Bxe4 19. Rhe1 Bf3 20. Rd3 Bf2 21. Rxf3 Bxe1 22. a3 Ba5 23. b4 Bd8 24. Nc5 b6 25. Ne4 O-O 26. c4 Rc8 27. c5 bxc5 28. Nxc5 Be7 29. Nd7 Rfd8 30. Ne5 Rd1+ 31. Ka2 Rd2+ 32. Kb3 Rxe2 33. Rxf7 Re8 34. Rxe7 Rxe7 35. Nc6 Rd7 36. b5 Rxh2 37. a4 Rg2 38. Ne5 Rd5 39. Nc6 Rg3+ 40. Kc2 Rc5+ 41. Kd2 Rxg4 42. Nxa7 Rxa4 43. b6 Rxa7 0-1